[Event "FIDE World Uni Blitz-D 1st"]
[Site "Tornelo INT"]
[Date "2021.03.13"]
[Round "4.96"]
[White "Sarigil, Ataberk"]
[Black "Leon Badillo, Antonia"]
[Result "1-0"]
[WhiteElo "1334"]
[BlackElo "1320"]
[PlyCount "31"]
[EventDate "2021.03.13"]
[EventType "swiss (blitz)"]
[EventRounds "10"]
[EventCountry "NET"]
[SourceTitle "EXT 2022"]
[Source "ChessBase"]
[SourceDate "2021.10.06"]
[SourceVersion "1"]
[SourceVersionDate "2021.10.06"]
[SourceQuality "1"]

1. d4 d5 2. Bf4 Nf6 3. Nf3 Bf5 4. e3 e6 5. a3 Nbd7 6. c4 c6 7. Nc3 g6 8. Nh4 Ne4 9. g4 Nxc3 10. bxc3 Be4 11. f3 Qxh4+ 12. Bg3 Qf6 13. fxe4 Bh6 14. e5 Qg7 15. Qe2 c5 16. cxd5 1-0

[Event "FIDE World Uni Blitz-D 1st"]
[Site "Tornelo INT"]
[Date "2021.03.13"]
[Round "3.45"]
[White "Vujcic, Milena"]
[Black "Sarigil, Ataberk"]
[Result "1-0"]
[WhiteElo "2069"]
[BlackElo "1334"]
[PlyCount "99"]
[EventDate "2021.03.13"]
[EventType "swiss (blitz)"]
[EventRounds "10"]
[EventCountry "NET"]
[SourceTitle "EXT 2022"]
[Source "ChessBase"]
[SourceDate "2021.10.06"]
[SourceVersion "1"]
[SourceVersionDate "2021.10.06"]
[SourceQuality "1"]

1. e4 d5 2. exd5 Nf6 3. d4 Nxd5 4. c4 Nb6 5. Nf3 e6 6. Nc3 c5 7. d5 exd5 8. Nxd5 Nxd5 9. cxd5 g6 10. Bc4 Qe7+ 11. Be3 Bg7 12. Qd2 Bg4 13. d6 Qd7 14. Ng5 Be6 15. Nxe6 fxe6 16. 0-0 Nc6 17. Bxc5 0-0-0 18. Rfe1 Ne5 19. Bb3 Rhe8 20. Rac1 Kb8 21. Re4 Nf7 22. Ba4 Bh6 23. Bxd7 Bxd2 24. Bxe8 Bxc1 25. Bxf7 b6 26. Be3 Bxe3 27. fxe3 Rxd6 28. Rxe6 Rd7 29. Bg8 Kc7 30. Rf6 Rd8 31. Bxh7 Rd1+ 32. Kf2 Rd2+ 33. Kg3 Rxb2 34. Bg8 Re2 35. Kf3 Re1 36. Rxg6 Kb7 37. h4 Ka6 38. h5 Rf1+ 39. Ke2 Rh1 40. h6 Rh2 41. h7 Rh4 42. Rg3 Rh6 43. Rh3 Rc6 44. h8Q Rc2+ 45. Kf3 Rc1 46. Qb2 Rf1+ 47. Ke2 Rf5 48. Rh4 Rb5 49. Bc4 Kb7 50. Qxb5 1-0